Alle 17 Mitglieder des Bundeskabinetts - Statistiken

Allgemein
  • Dieses Quiz wurde 20 mal gespielt
  • Das Durchschnittsergebnis liegt bei 4 aus 17
Antwortstatistiken
Antwort % Korrekt
Lars Klingbeil
85%
Bärbel Bas
55%
Alexander Dobrindt
50%
Boris Pistorius
35%
Dorothee Bär
35%
Alois Rainer
25%
Katherina Reiche
20%
Nina Warken
20%
Patrick Schnieder
20%
Carsten Schneider
15%
Dr. Karsten Wildberger
15%
Karin Prien
15%
Thorsten Frei
15%
Dr. Stefanie Hubig
10%
Dr. Johann Wadepuhl
5%
Reem Alabali Radovan
5%
Verena Hubertz
0%
Keine übereinstimmenden Quizze gefunden
Verteilung der Resultate
Anzahl Personen mit jedem Resultat
Perzentil nach korrekt beantworteten Fragen
Ihre Resultats-Entwicklung
Sie haben dieses Quiz noch nicht gespielt